| Поле | Название | Значение |
| |
Тип записи |
a |
| |
Библиографический уровень |
m |
| 001 |
Контрольный номер |
RU/IS/BASE/179494555 |
| 005 |
Дата корректировки |
20180510181736.4 |
| 010 |
Индекс ISBN |
__ |
| a |
ISBN |
5-8174-0082-0 |
| d |
Цена |
50-00 |
| 200 |
Заглавие и сведения об ответственности |
__ |
| a |
Заглавие |
Профилактика рака в ваших руках |
| 210 |
Выходные данные |
__ |
| a |
Место издания |
М. ; СПб. |
| c |
Издательство |
Диля |
| d |
Дата издания |
2002 |
| 215 |
Физическое описание |
__ |
| a |
Объем |
204, [4] с. |
| 225 |
Серия (Журнальная рубрика) |
__ |
| a |
Серия (Журнальная рубрика) |
Таинственный убийца |
| 318 |
Примечание о действии |
__ |
| a |
Действие |
п |
| 330 |
Аннотация |
__ |
| a |
Аннотация |
Человек не может быть здоровым, если он не борется с паразитами, пожирающими его изнутри. Они-причина многих болезней: диабета, аденомы, артрита, рассеянного склероза и даже рака и СПИДа. Способам борьбы с коварными ростейшими и посвящена эта книга. |
| 606 |
Тематические рубрики |
__ |
| a |
Основная рубрика |
медицина |
| 608 |
Указатель предметных рубрик |
__ |
| a |
Жанр/форма |
научно-практическое издание |
| 610 |
Ключевые слова |
__ |
| a |
Ключевые слова |
профилактика рака, аденома, диабет, трихомонада, склероз рассеянный, артрит, артроз, псориаз, чесотка, рак (болезнь) |
| 686 |
Индексы других классификаций |
__ |
| a |
Индекс ББК |
55.6 |
| 700 |
Автор |
__ |
| a |
Фамилия |
Свищёва |
| b |
Имя |
Т. Я. |
| 801 |
Источник записи |
_0 |
| a |
Страна |
RU |
| b |
Организация |
ЦРБ, Сургут |
| g |
Правила каталогизации |
ОКиО/Сычева |
| 801 |
Источник записи |
_1 |
| a |
Страна |
RU |
| b |
Организация |
ЦРБ, Сургут |
| g |
Правила каталогизации |
ОКиО/Сычева |
| 852 |
Данные о местонахождении |
__ |
| j |
Шифр хранения |
55.6 |
| i |
Авторский знак |
С 249 |
| p |
Инвентарный номер |
88946 |
| b |
Сигла хранения |
ООЧ |
| 901 |
Тип документа |
__ |
| t |
Тип документа |
m |
| 990 |
Данные о заказе (DOS) |
__ |
| h |
N записи в КСУ для Б/У (DOS) |
2005-8 |
| j |
Количество экземпляров (DOS) |
1 |